Does Japan Have... - Statistics

General Stats
  • This quiz has been taken 21 times
  • The average score is 14 of 20
Answer Stats
Hint Explanation Answer % Correct
A Volcano The Public Can Climb Mount Fuji is actually an active volcano! Yes
95%
An Official Language Besides Japanese Japan doesn't have any official languages at all! No
90%
An Island With 100M People Honshu, home to Tokyo, has 104M people. Yes
90%
An Economy In The Top 5 Globally Its $4.2 billion GDP is only beaten by the USA, China and Germany Yes
90%
More Coastline Than The Philippines Approximately 4,400 miles less No
85%
Wild Monkeys It has one species of monkey, the Japanese Macaque Yes
85%
A Disney Park Two, actually Yes
85%
An Increasing Population Japan's population has been declining for 15 years No
75%
The Most Populated Capital On Earth Tokyo has more people than Canada! Yes
75%
Driving On The Right Side Nope, you drive on the left here No
70%
A Rainforest There is a primeval temperate rainforest on Yakushima Island Yes
70%
The Highest Population Out Of All Island Countries Indonesia beats Japan by around 150M people No
65%
Five Major Islands Honshu, Shikoku, Kyushu and Hokkaido are Japan's "main" islands No
60%
A 15,000 Foot Mountain Fuji is 2,500 feet short No
55%
Bears Yes, two species Yes
55%
Starbucks In A Temple Obviously Not! No
50%
Casinos Japan will open its first casino in Osaka in 2029 No
50%
Earthquakes Every Day Yes, but most go unnoticed Yes
50%
Oil Reserves They are very small and not nearly enough to meet the country's energy needs, unfortunately Yes
45%
Triangular Watermelons You're thinking of the square ones No
35%
No matching quizzes found
Score Distribution
Percent of People with Each Score
Percentile by Number Answered
Your Score History
You have not taken this quiz